000 00325nam a2200133Ia 4500
008 240624s9999 xx 000 0 und d
041 _aeng
082 _a658.8 MCD
100 _aLAMB CHARLES W
245 _aPRINCIPLES OF MARKETING
260 _c2009
_aNew Delhi
_bCengage Learning
300 _a600 : p.
365 _cRS
_b35.5
999 _c15856
_d15856